Vybrané kapitoly a príklady z organizácie práce na počítači

Na minha lista:
Detalhes bibliográficos
Autor principal: Čihovská, Viera
Autor Corporativo: Vysoká škola ekonomická v Bratislave. Obchodná fakulta
Outros Autores: Richterová, Kornélia, Daňo, Ferdinand, 1959-, Labská, Helena, Lupták, Dávid, Matušovič, Marián, Finka, Ladislav, Andris, Mikuláš, Mrázko, Imrich
Formato: Livro
Idioma:eslovaco
Publicado em: Bratislava VŠE 1991
Edição:1. vyd.
Tags: Adicionar Tag
Sem tags, seja o primeiro a adicionar uma tag!

MARC

LEADER 00000nam a2200000 4500
001 c025022
005 20240502071312.6
020 |a 80-225-0274-X 
041 0 |a slo 
044 |a SK 
245 1 0 |a Vybrané kapitoly a príklady z organizácie práce na počítači  |c Viera Čihovská a kolektív 
250 |a 1. vyd. 
264 1 |a Bratislava  |b VŠE  |c 1991 
300 |a 129 s. 
100 1 |a Čihovská, Viera 
700 1 |a Richterová, Kornélia 
700 1 |a Daňo, Ferdinand, 1959- 
700 1 |a Labská, Helena 
700 1 |a Lupták, Dávid 
700 1 |a Matušovič, Marián 
700 1 |a Finka, Ladislav 
700 1 |a Andris, Mikuláš 
700 1 |a Mrázko, Imrich 
710 2 |a Vysoká škola ekonomická v Bratislave. Obchodná fakulta